<?xml version="1.0" encoding="UTF-8"?>
<record
    xmlns:xsi="http://www.w3.org/2001/XMLSchema-instance"
    xsi:schemaLocation="http://www.loc.gov/MARC21/slim http://www.loc.gov/standards/marcxml/schema/MARC21slim.xsd"
    xmlns="http://www.loc.gov/MARC21/slim">

  <leader>03782nam a22003137a 4500</leader>
  <controlfield tag="003">NALT</controlfield>
  <controlfield tag="005">20250211153236.0</controlfield>
  <controlfield tag="008">241225b        th ||||| |||| 00| 0 tha d</controlfield>
  <datafield tag="020" ind1=" " ind2=" ">
    <subfield code="a">9786164079748</subfield>
  </datafield>
  <datafield tag="040" ind1=" " ind2=" ">
    <subfield code="a">NALT</subfield>
  </datafield>
  <datafield tag="050" ind1=" " ind2=" ">
    <subfield code="a">GV 1202.F34</subfield>
    <subfield code="b">&#xE13;321&#xE1F; 2567</subfield>
  </datafield>
  <datafield tag="100" ind1="0" ind2=" ">
    <subfield code="a">&#xE13;&#xE31;&#xE10;&#xE01;&#xE23; &#xE27;&#xE34;&#xE17;&#xE34;&#xE15;&#xE32;&#xE19;&#xE19;&#xE17;&#xE4C;</subfield>
    <subfield code="9">31926</subfield>
  </datafield>
  <datafield tag="245" ind1="1" ind2="0">
    <subfield code="a">&#xE1F;&#xE38;&#xE15;&#xE1A;&#xE2D;&#xE25;&#xE41;&#xE1F;&#xE19;&#xE15;&#xE32;&#xE0B;&#xE35; : </subfield>
    <subfield code="b">&#xE24;&#xE32;&#xE01;&#xE32;&#xE23;&#xE1E;&#xE19;&#xE31;&#xE19;&#xE2D;&#xE38;&#xE1A;&#xE31;&#xE15;&#xE34;&#xE43;&#xE2B;&#xE21;&#xE48;&#xE43;&#xE19;&#xE2A;&#xE31;&#xE07;&#xE04;&#xE21;&#xE44;&#xE17;&#xE22;? / </subfield>
    <subfield code="c">&#xE1C;&#xE39;&#xE49;&#xE40;&#xE02;&#xE35;&#xE22;&#xE19;, &#xE13;&#xE31;&#xE10;&#xE01;&#xE23; &#xE27;&#xE34;&#xE17;&#xE34;&#xE15;&#xE32;&#xE19;&#xE19;&#xE17;&#xE4C;, &#xE04;&#xE38;&#xE13;&#xE27;&#xE38;&#xE12;&#xE34; &#xE1A;&#xE38;&#xE0D;&#xE24;&#xE01;&#xE29;&#xE4C; &#xE41;&#xE25;&#xE30;&#xE27;&#xE34;&#xE17;&#xE22;&#xE32;&#xE01;&#xE23; &#xE1A;&#xE38;&#xE0D;&#xE40;&#xE23;&#xE37;&#xE2D;&#xE07; ; &#xE08;&#xE31;&#xE14;&#xE17;&#xE33;&#xE42;&#xE14;&#xE22;&#xE28;&#xE39;&#xE19;&#xE22;&#xE4C;&#xE28;&#xE36;&#xE01;&#xE29;&#xE32;&#xE1B;&#xE31;&#xE0D;&#xE2B;&#xE32;&#xE01;&#xE32;&#xE23;&#xE1E;&#xE19;&#xE31;&#xE19; &#xE04;&#xE13;&#xE30;&#xE40;&#xE28;&#xE23;&#xE29;&#xE10;&#xE28;&#xE32;&#xE2A;&#xE15;&#xE23;&#xE4C; &#xE08;&#xE38;&#xE2C;&#xE32;&#xE25;&#xE07;&#xE01;&#xE23;&#xE13;&#xE4C;&#xE21;&#xE2B;&#xE32;&#xE27;&#xE34;&#xE17;&#xE22;&#xE32;&#xE25;&#xE31;&#xE22;.</subfield>
  </datafield>
  <datafield tag="260" ind1=" " ind2=" ">
    <subfield code="a">&#xE01;&#xE23;&#xE38;&#xE07;&#xE40;&#xE17;&#xE1E;&#xE2F; :</subfield>
    <subfield code="b">&#xE42;&#xE23;&#xE07;&#xE1E;&#xE34;&#xE21;&#xE1E;&#xE4C;&#xE40;&#xE14;&#xE37;&#xE2D;&#xE19;&#xE15;&#xE38;&#xE25;&#xE32;,</subfield>
    <subfield code="c">2567.</subfield>
  </datafield>
  <datafield tag="300" ind1=" " ind2=" ">
    <subfield code="a">232 &#xE2B;&#xE19;&#xE49;&#xE32; :</subfield>
    <subfield code="b">&#xE20;&#xE32;&#xE1E;&#xE1B;&#xE23;&#xE30;&#xE01;&#xE2D;&#xE1A;, &#xE15;&#xE32;&#xE23;&#xE32;&#xE07;, &#xE41;&#xE1C;&#xE19;&#xE17;&#xE35;&#xE48; ;</subfield>
    <subfield code="c">21 &#xE0B;&#xE21;.</subfield>
  </datafield>
  <datafield tag="505" ind1="2" ind2=" ">
    <subfield code="a">&#xE20;&#xE32;&#xE04; 1 &#xE1B;&#xE23;&#xE30;&#xE27;&#xE31;&#xE15;&#xE34;&#xE28;&#xE32;&#xE2A;&#xE15;&#xE23;&#xE4C;&#xE27;&#xE48;&#xE32;&#xE14;&#xE49;&#xE27;&#xE22;&#xE01;&#xE35;&#xE2C;&#xE32;&#xE41;&#xE1F;&#xE19;&#xE15;&#xE32;&#xE0B;&#xE35; -- &#xE1A;&#xE17; 1 &#xE01;&#xE32;&#xE23;&#xE40;&#xE14;&#xE34;&#xE19;&#xE17;&#xE32;&#xE07;&#xE23;&#xE2D;&#xE1A;&#xE42;&#xE25;&#xE01;&#xE02;&#xE2D;&#xE07;&#xE01;&#xE35;&#xE2C;&#xE32;&#xE41;&#xE1F;&#xE19;&#xE15;&#xE32;&#xE0B;&#xE35; -- &#xE1A;&#xE17; 2 &#xE1B;&#xE23;&#xE32;&#xE01;&#xE0F;&#xE01;&#xE32;&#xE23;&#xE13;&#xE4C;&#xE01;&#xE35;&#xE2C;&#xE32;&#xE41;&#xE1F;&#xE19;&#xE15;&#xE32;&#xE0B;&#xE35;&#xE23;&#xE32;&#xE22;&#xE27;&#xE31;&#xE19; -- &#xE1A;&#xE17; 3 &#xE1F;&#xE38;&#xE15;&#xE1A;&#xE2D;&#xE25;&#xE41;&#xE1F;&#xE19;&#xE15;&#xE32;&#xE0B;&#xE35;&#xE43;&#xE19;&#xE2A;&#xE31;&#xE07;&#xE04;&#xE21;&#xE44;&#xE17;&#xE22; -- &#xE20;&#xE32;&#xE04; 2 &#xE15;&#xE33;&#xE41;&#xE2B;&#xE19;&#xE48;&#xE07;&#xE41;&#xE2B;&#xE48;&#xE07;&#xE17;&#xE35;&#xE48;&#xE17;&#xE32;&#xE07;&#xE01;&#xE0E;&#xE2B;&#xE21;&#xE32;&#xE22;&#xE02;&#xE2D;&#xE07;&#xE01;&#xE35;&#xE2C;&#xE32;&#xE41;&#xE1F;&#xE19;&#xE15;&#xE32;&#xE0B;&#xE35; -- &#xE1A;&#xE17; 4 &#xE01;&#xE35;&#xE2C;&#xE32;&#xE41;&#xE1F;&#xE19;&#xE15;&#xE32;&#xE0B;&#xE35;: &#xE17;&#xE31;&#xE01;&#xE29;&#xE30;&#xE2B;&#xE23;&#xE37;&#xE2D;&#xE14;&#xE27;&#xE07;? -- &#xE1A;&#xE17; 5 &#xE2A;&#xE16;&#xE32;&#xE19;&#xE30;&#xE17;&#xE32;&#xE07;&#xE01;&#xE0E;&#xE2B;&#xE21;&#xE32;&#xE22;&#xE02;&#xE2D;&#xE07;&#xE01;&#xE35;&#xE2C;&#xE32;&#xE41;&#xE1F;&#xE19;&#xE15;&#xE32;&#xE0B;&#xE35;&#xE23;&#xE32;&#xE22;&#xE27;&#xE31;&#xE19; -- &#xE20;&#xE32;&#xE04; 3 &#xE2D;&#xE38;&#xE15;&#xE2A;&#xE32;&#xE2B;&#xE01;&#xE23;&#xE23;&#xE21;&#xE01;&#xE35;&#xE2C;&#xE32;&#xE41;&#xE1F;&#xE19;&#xE15;&#xE32;&#xE0B;&#xE35; -- &#xE1A;&#xE17; 6 &#xE18;&#xE38;&#xE23;&#xE01;&#xE34;&#xE08;&#xE01;&#xE35;&#xE2C;&#xE32;&#xE41;&#xE1F;&#xE19;&#xE15;&#xE32;&#xE0B;&#xE35;: &#xE01;&#xE32;&#xE23;&#xE1A;&#xE23;&#xE34;&#xE2B;&#xE32;&#xE23;&#xE08;&#xE31;&#xE14;&#xE01;&#xE32;&#xE23;&#xE02;&#xE2D;&#xE07;&#xE1C;&#xE39;&#xE49;&#xE43;&#xE2B;&#xE49;&#xE1A;&#xE23;&#xE34;&#xE01;&#xE32;&#xE23;&#xE01;&#xE31;&#xE1A;&#xE04;&#xE27;&#xE32;&#xE21;&#xE1E;&#xE36;&#xE07;&#xE1E;&#xE2D;&#xE43;&#xE08;&#xE02;&#xE2D;&#xE07;&#xE1C;&#xE39;&#xE49;&#xE40;&#xE25;&#xE48;&#xE19; -- &#xE1A;&#xE17; 7 &#xE01;&#xE25;&#xE22;&#xE38;&#xE17;&#xE18;&#xE4C;&#xE01;&#xE32;&#xE23;&#xE15;&#xE25;&#xE32;&#xE14;&#xE02;&#xE2D;&#xE07;&#xE01;&#xE35;&#xE2C;&#xE32;&#xE41;&#xE1F;&#xE19;&#xE15;&#xE32;&#xE0B;&#xE35; -- &#xE20;&#xE32;&#xE04; 4 &#xE42;&#xE25;&#xE01;&#xE02;&#xE2D;&#xE07;&#xE04;&#xE19;&#xE40;&#xE25;&#xE48;&#xE19;&#xE01;&#xE35;&#xE2C;&#xE32;&#xE41;&#xE1F;&#xE19;&#xE15;&#xE32;&#xE0B;&#xE35; -- &#xE1A;&#xE17; 8 &#xE15;&#xE31;&#xE27;&#xE15;&#xE19;&#xE1C;&#xE39;&#xE49;&#xE40;&#xE25;&#xE48;&#xE19;&#xE41;&#xE25;&#xE30;&#xE1E;&#xE24;&#xE15;&#xE34;&#xE01;&#xE23;&#xE23;&#xE21;&#xE01;&#xE32;&#xE23;&#xE40;&#xE25;&#xE48;&#xE19; -- &#xE1A;&#xE17; 9 &#xE41;&#xE23;&#xE07;&#xE08;&#xE39;&#xE07;&#xE43;&#xE08;&#xE40;&#xE1A;&#xE37;&#xE49;&#xE2D;&#xE07;&#xE25;&#xE36;&#xE01; -- &#xE20;&#xE32;&#xE04; 5 &#xE1C;&#xE25;&#xE01;&#xE23;&#xE30;&#xE17;&#xE1A;&#xE02;&#xE2D;&#xE07;&#xE01;&#xE35;&#xE2C;&#xE32;&#xE41;&#xE1F;&#xE19;&#xE15;&#xE32;&#xE0B;&#xE35; -- &#xE1A;&#xE17; 10 &#xE1C;&#xE25;&#xE01;&#xE23;&#xE30;&#xE17;&#xE1A;&#xE15;&#xE48;&#xE32;&#xE07;&#xE21;&#xE38;&#xE21;&#xE21;&#xE2D;&#xE07;&#xE41;&#xE25;&#xE30;&#xE21;&#xE32;&#xE15;&#xE23;&#xE01;&#xE32;&#xE23;&#xE1B;&#xE49;&#xE2D;&#xE07;&#xE01;&#xE31;&#xE19; -- &#xE1A;&#xE17; 11 &#xE01;&#xE35;&#xE2C;&#xE32;&#xE41;&#xE1F;&#xE19;&#xE15;&#xE32;&#xE0B;&#xE35;&#xE43;&#xE19;&#xE10;&#xE32;&#xE19;&#xE30;&#xE2A;&#xE34;&#xE48;&#xE07;&#xE17;&#xE14;&#xE41;&#xE17;&#xE19;&#xE01;&#xE32;&#xE23;&#xE1E;&#xE19;&#xE31;&#xE19; -- &#xE20;&#xE32;&#xE04; 6 &#xE2D;&#xE19;&#xE32;&#xE04;&#xE15;&#xE02;&#xE2D;&#xE07;&#xE01;&#xE35;&#xE2C;&#xE32;&#xE41;&#xE1F;&#xE19;&#xE15;&#xE32;&#xE0B;&#xE35; -- &#xE1A;&#xE17; 12 &#xE17;&#xE32;&#xE07;&#xE40;&#xE25;&#xE37;&#xE2D;&#xE01;&#xE19;&#xE42;&#xE22;&#xE1A;&#xE32;&#xE22;&#xE2A;&#xE32;&#xE18;&#xE32;&#xE23;&#xE13;&#xE30;&#xE41;&#xE25;&#xE30;&#xE02;&#xE49;&#xE2D;&#xE40;&#xE2A;&#xE19;&#xE2D;&#xE41;&#xE19;&#xE30;&#xE01;&#xE32;&#xE23;&#xE27;&#xE34;&#xE08;&#xE31;&#xE22;.</subfield>
  </datafield>
  <datafield tag="650" ind1=" " ind2="4">
    <subfield code="a">&#xE01;&#xE35;&#xE2C;&#xE32;&#xE41;&#xE1F;&#xE19;&#xE15;&#xE32;&#xE0B;&#xE35;</subfield>
    <subfield code="9">65322</subfield>
  </datafield>
  <datafield tag="650" ind1=" " ind2="0">
    <subfield code="a">Fantasy Sports</subfield>
    <subfield code="9">65323</subfield>
  </datafield>
  <datafield tag="650" ind1=" " ind2="4">
    <subfield code="a">&#xE1F;&#xE38;&#xE15;&#xE1A;&#xE2D;&#xE25;&#xE41;&#xE1F;&#xE19;&#xE15;&#xE32;&#xE0B;&#xE35;</subfield>
    <subfield code="9">65321</subfield>
  </datafield>
  <datafield tag="650" ind1=" " ind2="0">
    <subfield code="a">Football Fantasy</subfield>
    <subfield code="9">65324</subfield>
  </datafield>
  <datafield tag="700" ind1="0" ind2=" ">
    <subfield code="a">&#xE04;&#xE38;&#xE13;&#xE27;&#xE38;&#xE12;&#xE34; &#xE1A;&#xE38;&#xE0D;&#xE24;&#xE01;&#xE29;&#xE4C;</subfield>
    <subfield code="9">65318</subfield>
  </datafield>
  <datafield tag="700" ind1="0" ind2=" ">
    <subfield code="a">&#xE27;&#xE34;&#xE17;&#xE22;&#xE32;&#xE01;&#xE23; &#xE1A;&#xE38;&#xE0D;&#xE40;&#xE23;&#xE37;&#xE2D;&#xE07;</subfield>
    <subfield code="9">65319</subfield>
  </datafield>
  <datafield tag="710" ind1="2" ind2=" ">
    <subfield code="a">&#xE08;&#xE38;&#xE2C;&#xE32;&#xE25;&#xE07;&#xE01;&#xE23;&#xE13;&#xE4C;&#xE21;&#xE2B;&#xE32;&#xE27;&#xE34;&#xE17;&#xE22;&#xE32;&#xE25;&#xE31;&#xE22;.</subfield>
    <subfield code="b">&#xE04;&#xE13;&#xE30;&#xE40;&#xE28;&#xE23;&#xE29;&#xE10;&#xE28;&#xE32;&#xE2A;&#xE15;&#xE23;&#xE4C;. </subfield>
    <subfield code="b">&#xE28;&#xE39;&#xE19;&#xE22;&#xE4C;&#xE28;&#xE36;&#xE01;&#xE29;&#xE32;&#xE1B;&#xE31;&#xE0D;&#xE2B;&#xE32;&#xE01;&#xE32;&#xE23;&#xE1E;&#xE19;&#xE31;&#xE19;</subfield>
    <subfield code="9">515</subfield>
  </datafield>
  <datafield tag="942" ind1=" " ind2=" ">
    <subfield code="c">GB</subfield>
    <subfield code="2">lcc</subfield>
  </datafield>
  <datafield tag="996" ind1=" " ind2=" ">
    <subfield code="a">pitikan.s</subfield>
    <subfield code="b">CATSTF	</subfield>
    <subfield code="c">2024-12-25</subfield>
  </datafield>
  <datafield tag="996" ind1=" " ind2=" ">
    <subfield code="a">saiphon.d</subfield>
    <subfield code="b">CATSTF	</subfield>
    <subfield code="c">2024-12-25</subfield>
  </datafield>
  <datafield tag="999" ind1=" " ind2=" ">
    <subfield code="c">106231</subfield>
    <subfield code="d">106231</subfield>
  </datafield>
  <datafield tag="998" ind1=" " ind2=" ">
    <subfield code="j">111</subfield>
    <subfield code="k"> &#xE19;&#xE32;&#xE07;&#xE2A;&#xE32;&#xE27;&#xE1E;&#xE08;&#xE1E;&#xE34;&#xE13;  &#xE1E;&#xE23;&#xE21;&#xE40;&#xE2D;&#xE35;&#xE48;&#xE22;&#xE21;</subfield>
  </datafield>
  <datafield tag="952" ind1=" " ind2=" ">
    <subfield code="0">0</subfield>
    <subfield code="1">0</subfield>
    <subfield code="2">lcc</subfield>
    <subfield code="4">0</subfield>
    <subfield code="7">0</subfield>
    <subfield code="8">CGBL</subfield>
    <subfield code="a">NALT</subfield>
    <subfield code="b">NALT</subfield>
    <subfield code="c">GEN</subfield>
    <subfield code="d">2024-12-25</subfield>
    <subfield code="l">1</subfield>
    <subfield code="o">GV 1202.F34 &#xE13;321&#xE1F; 2567</subfield>
    <subfield code="p">3961214808</subfield>
    <subfield code="r">2025-02-17 00:00:00</subfield>
    <subfield code="s">2025-02-11</subfield>
    <subfield code="w">2024-12-25</subfield>
    <subfield code="y">GB</subfield>
  </datafield>
</record>
